Slovenian Economic Mirror (Record no. 6207)

MARC details
000 -LEADER
fixed length control field 00523nas a22002057i 4500
001 - CONTROL NUMBER
control field 7276
003 - CONTROL NUMBER IDENTIFIER
control field OSt
005 - DATE AND TIME OF LATEST TRANSACTION
control field 20170126082358.0
007 - PHYSICAL DESCRIPTION FIXED FIELD--GENERAL INFORMATION
fixed length control field tu
008 - FIXED-LENGTH DATA ELEMENTS--GENERAL INFORMATION
fixed length control field 161220s2009 xxu||||| |||| 00| 0 d
022 ## - INTERNATIONAL STANDARD SERIAL NUMBER
International Standard Serial Number 1318-3826
024 7# - OTHER STANDARD IDENTIFIER
Standard number or code 7276
Source of number or code RID
024 7# - OTHER STANDARD IDENTIFIER
Standard number or code 7276
Source of number or code RSN (alt)
040 ## - CATALOGING SOURCE
Transcribing agency OSt
110 2# - MAIN ENTRY--CORPORATE NAME
Corporate name or jurisdiction name as entry element Institute of Macroeconomic Analysis and Development
245 00 - TITLE STATEMENT
Title Slovenian Economic Mirror
260 ## - PUBLICATION, DISTRIBUTION, ETC.
Place of publication, distribution, etc. Ljubljana,
Date of publication, distribution, etc. 2009.
856 ## - ELECTRONIC LOCATION AND ACCESS
Uniform Resource Identifier <a href="http://www.gov.si/umar/arhiv/ankazalo.php">http://www.gov.si/umar/arhiv/ankazalo.php</a>
866 #0 - TEXTUAL HOLDINGS--BASIC BIBLIOGRAPHIC UNIT
-- Vol. 9(2003) - 13(2008),11
942 ## - ADDED ENTRY ELEMENTS (KOHA)
Koha item type Journal
Holdings
Withdrawn status Lost status Damaged status Not for loan Home library Current library Shelving location Date acquired Inventory number Total Checkouts Barcode Date last seen Price effective from Koha item type
        WIIW WIIW Library 12/14/2004 7276   10002851 01/26/2017 01/26/2017 Journal
The Vienna Instiute for International Economic Studies (wiiw)